000
00294nam a2200121Ia 4500
008
190216s9999||||xx |||||||||||||| ||und||
100
_a
Nair M R
245
0
_a
Malayalam-Sanjayan Vol I
260
_b
Mathrubhumi Printing &publishing
_c
1971
300
_a
745
650
_a
Malayalam
942
_c
BK
999
_c
25023
_d
25023